000 00645nam a2200241Ia 4500
003 OSt
005 20220918183824.0
006 a|||||r|||| 00| 0
007 ta
008 220917b |||||||| |||| 00| 0 eng d
024 _a41,330
037 _cTextual
040 _aARTS
_cARTS
_beng
041 _2eng
_aeng
082 _aO15,2NKR,1, M4
100 _aKrishna Kumar
_935488
245 0 _aAsti Kashchid Vagarthiyam
260 _aMoradabad
_bMayank Prakashan India
_c1984
300 _a25,221p.
_ccm.
650 _aSANSKRIT LITERATURE
942 _hO15,2NKR,1, M4
_cTEXL
_2CC
999 _c173956
_d173956